| 000 | 00641nam a2200229 4500 | ||
|---|---|---|---|
| 003 | OSt | ||
| 005 | 20260530115306.0 | ||
| 008 | 260508b2017 |||ao||| |||| 00| 0 spa d | ||
| 040 |
_aICI _bspa _cICI |
||
| 050 |
_aN6550 _bA78 |
||
| 245 | 1 | 0 | _aArte Contemporáneo 2017 |
| 264 | 1 |
_bGrupo de los Dieciséis _c2017 _aMéxico |
|
| 300 | _a154 páginas | ||
| 336 |
_atexto _2rdacontent |
||
| 337 |
_asin medio _2rdamedia |
||
| 338 |
_avolumen _2rdacarrier |
||
| 650 |
_aArte contemporáneo _zMéxico |
||
| 650 |
_aArtes visuales _xSiglo XX _931965 |
||
| 650 |
_aArte mexicano _92321 |
||
| 650 |
_aExposiciones de arte _931966 |
||
| 942 |
_2lcc _cBK _n1 |
||
| 999 |
_c13096 _d13096 |
||